000 00693nam a2200289Ia 4500
005 20260324133701.0
008 008 260324s9999 xx 000 0 eng d
020 _a9781315375335
037 _aEBOOK
040 _aCRL
040 _beng
040 _cCRL
041 _2eng
041 _aeng
084 _qCRL
100 _aPeter Tate
_91193993
245 0 _aProtecting Patients' Rights
245 2 _bA Comparative Study of the Ombudsman in Healthcare
260 _bTaylor and Francis
260 _c2003
365 _a
365 _b240
856 _uhttp://www.taylorfrancis.com/books/9781315375335
942 _cEBOOK
999 _c1793315
_d1793315